000
00280nam a2200109Ia 4500
005
20251222144846.0
008
251222s9999||||xx |||||||||||||| ||spa||
082
_a
323.3985/D45
245
0
_a
Sólo Organizados Podemos Vencer
264
_b
Servicios Educativos Rurales
942
_c
LIB
999
_c
21408
_d
21408